Super Villian Alter-Egos - Statistics

General Stats
  • This quiz has been taken 27 times
  • The average score is 11 of 15
Answer Stats
Hint Answer % Correct
Dr. Otto Octavius Doctor Octopus
100%
Normon Osborn The Green Goblin
100%
Harleen Quinzel Harley Quinn
95%
Oswald Cobblepot The Penguin
95%
Edward Nigma The Riddler
95%
Harvey Dent Two-Face
95%
Victor Fries Mr. Freeze
86%
Jonathan Crane Scarecrow
81%
Jack Napier The Joker
76%
Wilson Fisk Kingpin
67%
Max Dillon Electro
57%
Basil Karlo Clayface
52%
Adrian Toomes The Vulture
52%
Martin Li Mr. Negative
43%
Herman Schultz The Shocker
29%
No matching quizzes found
Score Distribution
Percent of People with Each Score
Percentile by Number Answered
Your Score History
You have not taken this quiz